000 00229 a2200097 4500
001 45917
100 _aFitzgerald B
245 _aThe nature lover's recognition book
260 _aLondon
_bOdhams press
_c
090 _c29028
_d29028
942 _aNUST-CAE
_cM
_c21145
999 _c280990
_d280990